[Event "Barcelona Pujol Memorial 3rd"]
[Site "Barcelona"]
[Date "2011.10.19"]
[Round "3"]
[White "Dominguez Rueda, Juan"]
[Black "Garcia Marquez, Miquel"]
[Result "1-0"]
[WhiteElo "2151"]
[BlackElo "1972"]
[PlyCount "79"]
[EventDate "2011.09.28"]
[EventType "swiss"]
[EventRounds "9"]
[EventCountry "ESP"]
[SourceTitle "EXT 2013"]
[Source "ChessBase"]
[SourceDate "2012.11.22"]
[SourceVersion "1"]
[SourceVersionDate "2012.11.22"]
[SourceQuality "1"]

1. e4 c5 2. Nf3 d6 3. Bb5+ Bd7 4. Bxd7+ Qxd7 5. 0-0 Nc6 6. c3 Nf6 7. Re1 e6 8. d4 e5 9. Na3 Be7 10. Bg5 Rd8 11. Nc4 Qc7 12. Ne3 0-0 13. Bxf6 Bxf6 14. Nd5 Qd7 15. Nxf6+ gxf6 16. Nh4 Ne7 17. Re3 Kh8 18. Qf3 f5 19. exf5 f6 20. Rd1 Qc6 21. Qh5 Qe8 22. Qh6 Qf7 23. Rg3 Rg8 24. dxc5 dxc5 25. Rxg8+ Rxg8 26. Rd7 Nxf5 27. Nxf5 Qxd7 28. Qxf6+ Rg7 29. Qxg7+ Qxg7 30. Nxg7 Kxg7 31. Kf1 Kf6 32. Ke2 Kf5 33. Ke3 h5 34. g3 e4 35. h3 Ke5 36. g4 h4 37. g5 Kf5 38. g6 Kxg6 39. Kxe4 Kf6 40. Kf4 1-0

[Event "Barcelona op-A"]
[Site "Barcelona"]
[Date "2003.??.??"]
[Round "4"]
[White "Garcia Marquez, Miquel"]
[Black "Bosch Porta, David"]
[Result "1/2-1/2"]
[WhiteElo "2119"]
[BlackElo "2234"]
[PlyCount "57"]
[EventDate "2003.04.??"]
[EventType "swiss"]
[EventRounds "7"]
[EventCountry "ESP"]
[SourceTitle "EXT 2010"]
[Source "ChessBase"]
[SourceDate "2010.11.25"]
[SourceVersion "1"]
[SourceVersionDate "2010.11.25"]
[SourceQuality "1"]

1. e4 e6 2. d4 d5 3. Nd2 Nf6 4. e5 Nfd7 5. Bd3 c5 6. c3 Nc6 7. Ne2 cxd4 8. cxd4 f6 9. exf6 Nxf6 10. 0-0 Bd6 11. Nf3 0-0 12. Bg5 Qc7 13. Nc3 a6 14. Rc1 Qf7 15. Re1 Nh5 16. Bh4 Bf4 17. Rc2 h6 18. Rce2 g5 19. Bg3 Qg7 20. Rxe6 Bxe6 21. Rxe6 Nf6 22. Nxd5 Bxg3 23. hxg3 Kh8 24. Nxf6 Rxf6 25. Qe2 Rd8 26. Qe4 Rxe6 27. Qxe6 Nxd4 28. Nxd4 Rxd4 29. Qe8+ 1/2-1/2

[Event "Sant Boi op"]
[Site "Sant Boi de Llobregat"]
[Date "1998.??.??"]
[Round "4"]
[White "Galan Gonzalez, Francesco"]
[Black "Garcia Marquez, Miquel"]
[Result "1-0"]
[WhiteElo "2065"]
[BlackElo "2000"]
[PlyCount "123"]
[EventDate "1998.??.??"]
[EventType "swiss"]
[EventRounds "8"]
[EventCountry "ESP"]
[SourceTitle "EXT 2003"]
[Source "ChessBase"]
[SourceDate "2002.11.25"]
[SourceVersion "1"]
[SourceVersionDate "2002.11.25"]
[SourceQuality "1"]

1. e4 c5 2. Nf3 d6 3. d4 cxd4 4. Nxd4 Nf6 5. Nc3 a6 6. Be2 e5 7. Nb3 Be6 8. Be3 Be7 9. 0-0 Qc7 10. Rc1 Nbd7 11. f3 0-0 12. Qd2 b5 13. Rfd1 Nb6 14. Bxb6 Qxb6+ 15. Kh1 Nh5 16. Bd3 Bh4 17. Nd5 Bxd5 18. exd5 f5 19. g3 e4 20. gxh4 e3 21. Qa5 Qa7 22. Be2 Qe7 23. Rd4 f4 24. Qe1 Qd7 25. Kg2 Rf6 26. Bd3 Re8 27. Qe2 Re5 28. Rg1 Kh8 29. Kf1 Qh3+ 30. Qg2 Qxh4 31. Re4 Rff5 32. Rxe5 Rxe5 33. Qe2 Nf6 34. Nd4 g6 35. c4 bxc4 36. Bxc4 Nxd5 37. Bxa6 Nb4 38. Bc4 Rc5 39. Kg2 Qf2+ 40. Qxf2 exf2 41. Rc1 d5 42. a3 Nd3 43. b4 Rxc4 44. Rxc4 dxc4 45. b5 Nc5 46. b6 Nb7 47. Kxf2 g5 48. Ke2 Kg8 49. Kd2 Kf7 50. Kc3 Ke7 51. Kxc4 Kd6 52. a4 h5 53. h3 Ke5 54. Nc6+ Kd6 55. Nd4 Ke5 56. Nc6+ Kd6 57. Nb4 g4 58. fxg4 hxg4 59. hxg4 Nc5 60. a5 f3 61. Nc2 Kc6 62. Nd4+ 1-0